Anecdotes rock - Difficultés moyenne - Statistiques

Statistiques générales
  • Ce quiz a été pris 78 fois
  • Le résultat moyen est 8 sur 20
Statistiques - réponses
Hint Réponse % Correct
a quel age est mort kurt cobain? 27 ans
89%
Quelle chanson de Queen a été un énorme succès malgré sa longueur inhabituelle pour une chanson pop ? Bohemian Rhapsody
82%
Quelle chanson des Eagles est célèbre pour son solo de guitare ? Hotel California
75%
Quel festival de 1969 est l’un des événements les plus emblématiques de l’histoire du rock ? Woodstock
75%
Quel album de Nirvana a propulsé le grunge sur le devant de la scène musicale mondiale ? Nevermind
72%
Quelle chanson de Led Zeppelin est souvent citée comme l’une des plus grandes chansons de rock de tous les temps ? Stairway to Heaven
72%
Quel album conceptuel de Pink Floyd est devenu un film et un spectacle de scène ? The Wall
52%
Quel album et film de Prince ont fait de lui une superstar mondiale ? Purple Rain
46%
quel artiste a manger la tete d'une chauve souris en live? ozzy osbourne
43%
Quel groupe de rock a été le premier à jouer un concert sur les ruines de Pompéi, sans public, pour un film documentaire ? Pink Floyd
41%
Quel guitariste a mis le feu à sa guitare sur scène lors du Monterey Pop Festival en 1967 ? Jimi Hendrix
39%
quel artiste est mort d'une overdose dans sa baignoire? jim morrison
36%
Quelle théorie du complot affirme qu’un membre des Beatles est mort en 1966 et a été remplacé par un sosie ? Paul McCartney
26%
Quel groupe de rock a enregistré un album entier dans une maison hantée à Los Angeles, ce qui a inspiré l’un de leurs albums les plus célèbres ? Red Hot Chili Peppers
18%
Quel album de David Bowie a été influencé par son séjour à Berlin et est souvent considéré comme l’un des plus grands albums de tous les temps ? Heroes
15%
Le célèbre logo des Rolling Stones, une langue tirée, a été inspiré par quelle déesse hindoue ? Kali
10%
Quel concert gratuit des Rolling Stones en 1969 a tourné au drame avec la mort de plusieurs spectateurs ? Altamont
7%
Combien de semaines consécutives l’album “Dark Side of the Moon” de Pink Floyd est-il resté dans les charts ? 741 semaines
0%
Quel célèbre musicien de rock a été arrêté pour avoir tenté de faire passer en contrebande une guitare en forme de hache à travers la douane ? Keith Richards
0%
Où les Beatles ont-ils donné leur dernier concert public en 1969 ? Le toit de leur studio Apple Corps
0%
Aucun quiz correspondant
Distribution des résultats
% des personnes avec chaque résultat
Percentile par nombre de réponses
Votre historique - résultats
Vous n’avez pas pris ce quiz